[Event "VIII Floripa Chess Open 2022 - LIRA - m"]
[Site "Lira Tênis Clube - Florianó"]
[Date "2022.01.24"]
[Round "1.190"]
[White "Frassetto, Eduarda"]
[Black "Nunes, Agatha Hurba"]
[Result "0-1"]
[WhiteElo "1761"]
[BlackElo "1828"]
[PlyCount "66"]
[EventDate "2022.01.24"]
[EventRounds "10"]
[EventCountry "BRA"]

1. d4 d5 2. Bf4 Nf6 3. Nf3 e6 4. e3 c5 5. c3 c4 6. Nbd2 Be7 7. b3 cxb3 8. axb3
Nbd7 9. Bd3 Nh5 10. Be5 Nxe5 11. dxe5 g5 12. O-O O-O 13. Be2 Ng7 14. Qc2 Qc7
15. Rfc1 f6 16. exf6 Bxf6 17. e4 b6 18. exd5 exd5 19. Qd3 Qf7 20. Ra4 Bf5 21.
Qa6 Ne6 22. Ra2 Rfe8 23. c4 Nc5 24. Qb5 Rxe2 25. cxd5 Nd3 26. Qc6 Rc8 27. Qxc8+
Bxc8 28. Rxc8+ Kg7 29. d6 Qe6 30. Rxa7+ Kh6 31. d7 Re1+ 32. Nxe1 Qxe1+ 33. Nf1
Qxf2+ 0-1

[Event "VIII Floripa Chess Open 2022 - LIRA - m"]
[Site "Lira Tênis Clube - Florianó"]
[Date "2022.01.24"]
[Round "1.191"]
[White "Descarrega Zacarias, Vanessa"]
[Black "Furtado, Ian"]
[Result "1-0"]
[WhiteElo "1828"]
[BlackElo "1740"]
[PlyCount "87"]
[EventDate "2022.01.24"]
[EventRounds "10"]
[EventCountry "BRA"]

1. e4 e5 2. Nf3 Nf6 3. Nxe5 d6 4. Nc4 Nxe4 5. Nc3 Qe7 6. Qe2 Nxc3 7. dxc3 Qxe2+
8. Bxe2 Nc6 9. Bf4 Bf5 10. Ne3 g6 11. Nxf5 gxf5 12. Bd3 Ne7 13. O-O-O O-O-O 14.
Rhe1 Re8 15. Bxf5+ Kd8 16. Be4 Ng6 17. Bg5+ Be7 18. Bxe7+ Nxe7 19. Bxb7 Ng6 20.
Bc6 Rxe1 21. Rxe1 Ne5 22. Bd5 Rf8 23. f4 Ng6 24. g3 Kd7 25. Re2 c6 26. Be4 d5
27. Bd3 Re8 28. Rxe8 Kxe8 29. Kd2 c5 30. Bxg6 hxg6 31. c4 dxc4 32. Kc3 f5 33.
Kxc4 Kd7 34. Kxc5 Kc7 35. c4 Kb7 36. Kd6 a5 37. c5 Kc8 38. Kc6 Kd8 39. Kb7 Kd7
40. c6+ Kd6 41. c7 Kc5 42. c8=Q+ Kb4 43. Kb6 Ka4 44. Qc4# 1-0

[Event "VIII Floripa Chess Open 2022 - LIRA - m"]
[Site "Lira Tênis Clube - Florianó"]
[Date "2022.01.24"]
[Round "1.192"]
[White "Da Silva, Miguel Michels"]
[Black "Da Rosa, Henrique Jaze Simoe"]
[Result "0-1"]
[WhiteElo "1730"]
[BlackElo "1824"]
[PlyCount "108"]
[EventDate "2022.01.24"]
[EventRounds "10"]
[EventCountry "BRA"]

1. e4 e5 2. Nf3 Nc6 3. Bc4 Nf6 4. c3 Be7 5. d3 O-O 6. O-O a6 7. Be3 d5 8. exd5
Nxd5 9. Qe2 Be6 10. Nbd2 Kh8 11. Bb3 f5 12. Nc4 e4 13. dxe4 fxe4 14. Nfe5 Nxe5
15. Nxe5 Nxe3 16. Qxe3 Bxb3 17. axb3 Qd5 18. Nc4 Bc5 19. Qd2 Qxd2 20. Nxd2 e3
21. Ne4 exf2+ 22. Nxf2 Rae8 23. b4 Bb6 24. c4 Bd4 25. Rad1 Rd8 26. Rde1 Bxb2
27. Ne4 Bd4+ 28. Kh1 h6 29. g3 Rxf1+ 30. Rxf1 Re8 31. Nc5 Bxc5 32. bxc5 Re5 33.
Rb1 Rxc5 34. Rxb7 Rxc4 35. Ra7 Rc6 36. Kg2 Kg8 37. Kf3 Kf7 38. Ke4 Ke7 39. Kd5
Kd7 $11 40. h3 Rg6 41. h4 Kc8 42. Ra8+ Kb7 43. Re8 Rxg3 44. Re7 a5 45. Re4 Kb6
46. Kc4 Rg6 47. Kb3 Kb5 48. Re5+ c5 49. Re7 Rg3+ 50. Kb2 Rh3 51. Rxg7 Rxh4 52.
Kb3 Rh3+ 53. Kb2 h5 54. Rb7+ Kc4 0-1

[Event "VIII Floripa Chess Open 2022 - LIRA - m"]
[Site "Lira Tênis Clube - Florianó"]
[Date "2022.01.24"]
[Round "1.193"]
[White "De Oliveira, Marlon Joshua"]
[Black "Klein, Louise Da Silveira"]
[Result "0-1"]
[WhiteElo "1824"]
[BlackElo "1721"]
[PlyCount "66"]
[EventDate "2022.01.24"]
[EventRounds "10"]
[EventCountry "BRA"]

1. d4 Nf6 2. Nf3 g6 3. Bf4 d6 4. e3 Bg7 5. Nbd2 O-O 6. Bc4 Nc6 7. a3 Nh5 8. Bg5
Qd7 9. O-O e5 10. dxe5 Nxe5 11. Nxe5 Bxe5 12. c3 Qg4 13. Qxg4 Bxg4 14. h3 Bd7
15. g4 Bf6 16. f4 Bxg5 17. fxg5 Ng7 18. Ne4 Be6 19. Nf6+ Kh8 20. Bxe6 fxe6 21.
h4 Rf7 22. h5 gxh5 23. gxh5 Raf8 24. e4 e5 25. Nd7 Rxf1+ 26. Rxf1 Rxf1+ 27.
Kxf1 Nxh5 28. Kf2 Kg7 29. Kf3 h6 30. gxh6+ Kxh6 31. Nf8 Nf4 32. Kg4 Kg7 33. Kf5
Kxf8 0-1

[Event "VIII Floripa Chess Open 2022 - LIRA - m"]
[Site "Lira Tênis Clube - Florianó"]
[Date "2022.01.24"]
[Round "1.194"]
[White "Roeder, Larissa Taina"]
[Black "Backes, Jorge Henrique"]
[Result "0-1"]
[WhiteElo "1696"]
[BlackElo "1821"]
[PlyCount "59"]
[EventDate "2022.01.24"]
[EventRounds "10"]
[EventCountry "BRA"]

1. e4 d6 2. Bc4 Nf6 3. d3 g6 4. Nf3 Bg7 5. c3 O-O 6. O-O Nc6 7. Be3 Na5 8. Bb3
Nxb3 9. Qxb3 Ng4 10. Re1 Nxe3 11. Rxe3 a5 12. Qd1 c5 13. Nbd2 b5 14. a3 Ba6 15.
d4 cxd4 16. cxd4 Qb6 17. Nf1 b4 18. a4 Rac8 19. b3 Rc7 20. Rb1 Rfc8 21. e5 Bh6
22. exd6 Qxd6 23. g3 Bxf1 24. Qxf1 Bxe3 25. fxe3 Qd5 26. Nd2 Rc2 27. Qe1 R8c3
28. h4 Rd3 29. Rd1 Rxb3 30. Nxb3 0-1

[Event "VIII Floripa Chess Open 2022 - LIRA - m"]
[Site "Lira Tênis Clube - Florianó"]
[Date "2022.01.24"]
[Round "1.195"]
[White "Da Silva, Lucas Pereira Mende"]
[Black "Fanckin, Murilo"]
[Result "1-0"]
[WhiteElo "1821"]
[BlackElo "1599"]
[PlyCount "49"]
[EventDate "2022.01.24"]
[EventRounds "10"]
[EventCountry "BRA"]

1. d4 d5 2. c4 e6 3. Nc3 Nf6 4. e3 c6 5. Nf3 Be7 6. Qc2 O-O 7. Bd3 Nbd7 8. O-O
Re8 9. Rd1 Bd6 10. e4 dxc4 11. Bxc4 e5 12. dxe5 Nxe5 13. Nxe5 Rxe5 14. Bf4 Re7
15. Bxd6 Rd7 16. e5 Ne8 17. Bc5 Rxd1+ 18. Rxd1 Qg5 19. Qd2 Qg6 20. f4 b6 21.
Be3 Bb7 22. Qd7 Rb8 23. f5 Qg4 24. Qxf7+ Kh8 25. Qg8# 1-0

[Event "VIII Floripa Chess Open 2022 - LIRA - m"]
[Site "Lira Tênis Clube - Florianó"]
[Date "2022.01.24"]
[Round "1.196"]
[White "Vieira, Luiza Lessing"]
[Black "Menezes, Jose Eduardo Carnei"]
[Result "0-1"]
[WhiteElo "1489"]
[BlackElo "1818"]
[PlyCount "79"]
[EventDate "2022.01.24"]
[EventRounds "10"]
[EventCountry "BRA"]

1. Nf3 d5 2. c4 e6 3. d4 Nf6 4. Nc3 c6 5. Bg5 h6 6. Bf4 Be7 7. e3 O-O 8. Bd3
Nbd7 9. O-O Nh5 10. Be5 Nxe5 11. Nxe5 Nf6 12. cxd5 cxd5 13. Re1 a6 14. e4 dxe4
15. Bxe4 Qb6 16. Na4 Qa5 17. Rc1 Rb8 18. Qb3 Qb4 19. Qc2 Bd7 20. Nxd7 Nxd7 21.
Qd1 b5 22. Nc3 Qxb2 23. Rc2 Qb4 24. Ne2 Nf6 25. Bc6 Rfd8 26. Rd2 Qa5 27. d5 Bb4
28. Nd4 Bxd2 29. Re2 Bc3 30. Nf3 Nxd5 31. Bxd5 Rxd5 32. Qc2 Rbd8 33. g3 Bf6 34.
h3 Qc3 35. Qe4 Rd3 36. Nh2 Qd4 37. Qc6 Rxg3+ 38. Qg2 Rxg2+ 39. Kxg2 Qc4 40. Rb2
0-1

[Event "VIII Floripa Chess Open 2022 - LIRA - m"]
[Site "Lira Tênis Clube - Florianó"]
[Date "2022.01.24"]
[Round "1.197"]
[White "Landre, Geraldo Barbosa"]
[Black "Oliveira, Francisco Evandro S"]
[Result "1-0"]
[WhiteElo "1817"]
[BlackElo "1437"]
[PlyCount "71"]
[EventDate "2022.01.24"]
[EventRounds "10"]
[EventCountry "BRA"]

1. d4 Nf6 2. c4 d6 3. Nc3 g6 4. Nf3 Bg7 5. Bf4 O-O 6. h3 Nbd7 7. e3 Ne8 8. Be2
f5 9. O-O Ndf6 10. b4 a6 11. Rc1 b6 12. a4 Bb7 13. c5 Rc8 14. Ng5 Qd7 15. b5
dxc5 16. Qb3+ Nd5 17. dxc5 bxc5 18. Nxd5 Bxd5 19. Bc4 e6 20. Nxe6 Bxc4 21. Qxc4
Rf7 22. Ng5 Nd6 23. Bxd6 cxd6 24. Nxf7 Qxf7 25. Qxf7+ Kxf7 26. Rfd1 axb5 27.
axb5 Ke6 28. Rc2 Rb8 29. Rcd2 Bf8 30. Rb1 d5 31. Rbd1 Rd8 32. b6 Rd6 33. Rb2
Bg7 34. b7 Rd8 35. b8=Q Rxb8 36. Rxb8 1-0

[Event "VIII Floripa Chess Open 2022 - LIRA - m"]
[Site "Lira Tênis Clube - Florianó"]
[Date "2022.01.24"]
[Round "1.206"]
[White "Hataby, Raed"]
[Black "Elesbao, Bernardo Dartora"]
[Result "1-0"]
[WhiteElo "1988"]
[BlackElo "1385"]
[PlyCount "69"]
[EventDate "2022.01.24"]
[EventRounds "10"]
[EventCountry "BRA"]

1. Nf3 Nf6 2. d3 d5 3. Nbd2 b6 4. g3 Bb7 5. Bg2 e6 6. O-O Be7 7. Ne5 Nbd7 8.
Nxd7 Nxd7 9. e4 dxe4 10. Nxe4 O-O 11. Qh5 Bxe4 12. dxe4 Nf6 13. Qe2 e5 14. Be3
c5 15. a4 Qc7 16. f3 c4 17. Kh1 Rac8 18. Bh3 Rcd8 19. Rg1 c3 20. b3 Bc5 21. Qc4
Bd6 22. Qxc7 Bxc7 23. Rgd1 Rd6 24. Rxd6 Bxd6 25. Rd1 Bb4 26. Kg2 Rb8 27. Kf2 h6
28. Ke2 a6 29. f4 Nxe4 30. fxe5 Nc5 31. Rd4 a5 32. Rd6 Nxa4 33. bxa4 Bxd6 34.
exd6 Rd8 35. d7 1-0

[Event "VIII Floripa Chess Open 2022 - LIRA - m"]
[Site "Lira Tênis Clube - Florianó"]
[Date "2022.01.24"]
[Round "1.208"]
[White "Espindola, Carlos Marcelo"]
[Black "Piekarski, Atila Balzer"]
[Result "0-1"]
[WhiteElo "1441"]
[BlackElo "2032"]
[PlyCount "60"]
[EventDate "2022.01.24"]
[EventRounds "10"]
[EventCountry "BRA"]

1. d4 d5 2. Nf3 Nf6 3. Bf4 e6 4. e3 Bd6 5. Bg3 O-O 6. Nbd2 b6 7. Be2 c5 8. Ne5
Qc7 9. O-O cxd4 10. exd4 Ba6 11. c3 Bxe2 12. Qxe2 Nc6 13. Rfe1 a6 14. a4 Rfd8
15. Qf3 Rab8 16. b4 Rb7 17. Qe2 $11 Ra7 18. Qf3 Rc8 19. Bf4 Ne7 20. Rac1 Nf5
21. Bg5 Be7 22. Bf4 Qd8 23. g4 Nd6 24. g5 Nfe4 25. Nxf7 Nxd2 26. Bxd2 Nxf7 27.
h4 Qd7 28. Qg4 Nd8 29. Re2 Qxa4 30. Rxe6 Qd7 0-1

[Event "VIII Floripa Chess Open 2022 - LIRA - m"]
[Site "Lira Tênis Clube - Florianó"]
[Date "2022.01.24"]
[Round "1.210"]
[White "Lopes, Marcia Maria Dias"]
[Black "Ramos, Angelo Bil"]
[Result "0-1"]
[WhiteElo "1363"]
[BlackElo "1985"]
[PlyCount "82"]
[EventDate "2022.01.24"]
[EventRounds "10"]
[EventCountry "BRA"]

1. d4 Nf6 2. Bf4 d6 3. Nf3 g6 4. e3 Bg7 5. Be2 O-O 6. O-O Nbd7 7. h3 c5 8. c3
b6 9. Nbd2 Bb7 10. Bh2 a6 11. a4 Rc8 12. Rc1 Re8 13. b4 cxb4 14. cxb4 Rxc1 15.
Qxc1 Qa8 16. Qb1 Nd5 17. Rc1 Rc8 18. Bc4 N5f6 19. Ba2 Bh6 20. Rxc8+ Qxc8 21.
Qd1 Qc3 22. b5 a5 23. Bb3 Bd5 24. Bxd5 Nxd5 25. Ne4 Qc4 26. Nfd2 Qc7 27. Nf3
Nf8 28. h4 Ne6 29. Kh1 Qc4 30. Ned2 Qd3 31. Ne1 Qc3 32. Ne4 Qb4 33. Nd3 Qa3 34.
g4 Nc3 35. Nxc3 Qxc3 36. Bg3 Nc7 37. g5 Bg7 38. Bf4 Nd5 39. Kg2 Bxd4 40. exd4
Qxd3 41. Qxd3 Nxf4+ 0-1